Größte Metropolregionen Europas - Statistiken

Allgemein
  • Dieses Quiz wurde 71 mal gespielt
  • Das Durchschnittsergebnis liegt bei 34 aus 40
Antwortstatistiken
Länder Einwohner Antwort % Korrekt
TUR 16.000.000 Istanbul
100%
GBR 14.400.000 London
100%
DEU 6.200.000 Berlin
98%
RUS 17.100.000 Moskau
98%
DEU 14.000.000 Rhein-Ruhr
98%
ESP 6.900.000 Madrid
97%
ITA 7.600.000 Mailand
97%
DEU 2.940.000 München
97%
FRA 12.500.000 Paris
97%
NLD 8.200.000 Randstad
97%
ITA 4.200.000 Rom
97%
POL 3.400.000 Warschau
97%
ESP 5.100.000 Barcelona
95%
GBR 4.700.000 England Mitt-Nordwest
95%
DEU 5.300.000 Hamburg
95%
CZE 2.790.000 Prag
92%
RUS 5.400.000 Sankt Petersburg
92%
DEU 5.900.000 Rhein-Main-Gebiet
90%
BEL / FRA 7.400.000 Brüssel-Flandern-Lille
89%
DNK / SWE 4.300.000 Öresundregion
89%
GRC 3.800.000 Athen
87%
UKR 3.340.000 Kiew
87%
SWE 2.640.000 Stockholm
85%
AUT / SVK 3.600.000 Wien-Bratislava
85%
HUN 2.570.000 Budapest
84%
GBR 4.600.000 Großraum Birmingham
84%
ITA 4.400.000 Neapel
84%
DEU 2.800.000 Großraum Stuttgart
79%
PRT 2.870.000 Lissabon
79%
ROU 3.000.000 Bukarest
77%
GBR 3.300.000 Glasgow-Edinburgh
74%
FRA 3.120.000 Marseille
74%
DEU 2.780.000 Sachsendreieck
74%
PRT 2.600.000 Porto
73%
ESP 2.660.000 Valencia
71%
DEU 3.500.000 Hannover-Braunschweig
68%
POL / CZE 7.100.000 Größeres Oberschlesien
66%
UKR 3.260.000 Donezbecken / Donbas
55%
DEU 3.900.000 Rhein-Neckar
48%
GBR 2.510.000 Southampton
26%
Keine übereinstimmenden Quizze gefunden
Verteilung der Resultate
Anzahl Personen mit jedem Resultat
Perzentil nach korrekt beantworteten Fragen
Ihre Resultats-Entwicklung
Sie haben dieses Quiz noch nicht gespielt